Color profiles of World War I : (Запис № 482375)

МАРК-запис
000 -LEADER
fixed length control field 01507nam a2200385L 4500
001 - CONTROL NUMBER
control field colorprofilesofw00apos
003 - CONTROL NUMBER IDENTIFIER
control field CaSfIA
005 - DATE AND TIME OF LATEST TRANSACTION
control field 20210117224818.0
007 - PHYSICAL DESCRIPTION FIXED FIELD--GENERAL INFORMATION
fixed length control field cr||||
008 - FIXED-LENGTH DATA ELEMENTS--GENERAL INFORMATION
fixed length control field 091109s1974 nyu 000 u eng d
040 ## - CATALOGING SOURCE
Original cataloging agency DKDLA
Language of cataloging dan
Transcribing agency DKDLA
Modifying agency CaSfIA
035 ## - SYSTEM CONTROL NUMBER
System control number (OCoLC)464315475
084 ## - OTHER CLASSIFICATION NUMBER
Classification number 623.77:940.3
Source of number z
029 0# - (OCLC)
OCLC library identifier DKDLA
System control number 19905063
245 00 - TITLE STATEMENT
Title Color profiles of World War I :
Medium [electronic resource]
Remainder of title combat planes.
260 ## - PUBLICATION, DISTRIBUTION, ETC. (IMPRINT)
Place of publication, distribution, etc New York :
Name of publisher, distributor, etc Cresent Books,
Date of publication, distribution, etc 1974.
300 ## - PHYSICAL DESCRIPTION
Extent 208 p. :
Other physical details ill.
500 ## - GENERAL NOTE
General note Index.
520 8# - SUMMARY, ETC.
Summary, etc Viser bemalingen af militære fly under 1. verdenskrig.
506 ## - RESTRICTIONS ON ACCESS NOTE
Standardized terminology for access restriction Необхідна авторизація на https://archive.org/ (створення облікового запису безкоштовно)
506 ## - RESTRICTIONS ON ACCESS NOTE
Standardized terminology for access restriction Необхідна авторизація на https://openlibrary.org/ (створення облікового запису безкоштовно)
650 #4 - SUBJECT ADDED ENTRY--TOPICAL TERM
Topical term or geographic name as entry element Flytyper.
650 #4 - SUBJECT ADDED ENTRY--TOPICAL TERM
Topical term or geographic name as entry element 1. verdenskrig.
650 #4 - SUBJECT ADDED ENTRY--TOPICAL TERM
Topical term or geographic name as entry element Bemaling.
650 #4 - SUBJECT ADDED ENTRY--TOPICAL TERM
Topical term or geographic name as entry element Nationalitetsmærker.
650 #4 - SUBJECT ADDED ENTRY--TOPICAL TERM
Topical term or geographic name as entry element Enhedsmærker.
650 #4 - SUBJECT ADDED ENTRY--TOPICAL TERM
Topical term or geographic name as entry element Eskadrillemærker.
653 ## - INDEX TERM--UNCONTROLLED
Uncontrolled term Luftforsvarsteknik.
700 1# - ADDED ENTRY--PERSONAL NAME
Personal name Apostolo, Giorgio.
700 1# - ADDED ENTRY--PERSONAL NAME
Personal name Bignozzi, Giorgio.
700 1# - ADDED ENTRY--PERSONAL NAME
Personal name McAdoo, Dale.
856 41 - ELECTRONIC LOCATION AND ACCESS
Uniform Resource Identifier <a href="http://www.archive.org/details/colorprofilesofw00apos">http://www.archive.org/details/colorprofilesofw00apos</a>
Public note Free eBook from the Internet Archive
856 42 - ELECTRONIC LOCATION AND ACCESS
Uniform Resource Identifier <a href="http://www.openlibrary.org/books/OL24203738M">http://www.openlibrary.org/books/OL24203738M</a>
Public note Additional information and access via Open Library
942 ## - ADDED ENTRY ELEMENTS (KOHA)
Koha item type ЕКнига

Немає доступних примірників.